| 000 | 00509nam a22001817a 4500 | ||
|---|---|---|---|
| 003 | KOHA_MİRAKIL | ||
| 005 | 20251221124436.0 | ||
| 008 | 251221b tu ||||| |||| 00| 0 tur d | ||
| 020 | _a9789751758248 | ||
| 040 |
_aTR-AnABB _btur _cTR-AnABB |
||
| 041 | _atur | ||
| 082 |
_a305.894350496 _bBAT 2024 |
||
| 245 | 1 | 0 | _aBatı Trakya'dan Türkiye'ye göç (1967-1995) / |
| 260 |
_aAnkara : _bYTB yayınları, _c2024 |
||
| 300 |
_a624 sayfa ; _c21 cm |
||
| 650 | 0 | 4 | _aBatı Trakya Türkleri |
| 942 |
_2ddc _cBK |
||
| 999 |
_c9821 _d9821 |
||
| 900 | _bGizem YORULMAZ | ||